| 000 | 00561nam a2200193Ia 4500 | ||
|---|---|---|---|
| 003 | LK-CoDNM | ||
| 005 | 20240829101009.0 | ||
| 008 | 010623t1939 xxu||||| |||| 00| 1 Pali d | ||
| 040 |
_aLK-CoDNM _dLK-CoDNM _eLK-CoDNM |
||
| 041 |
_aPali _asin |
||
| 080 |
_a8A _bL10 |
||
| 100 | _aPiyatissa Thero,Widurupola,ed. | ||
| 245 | _aJaathaka Pali : Bhadantacariya Buddhaghosa Maha Thera's Commentary | ||
| 260 |
_bThe Tipitaka Publication _aColombo _c1939 |
||
| 300 | _bxii, 527p. : 25 cm | ||
| 490 | _vVol. XLI - Part VII | ||
| 650 | _aJaathaka katha | ||
| 942 | _cBK | ||
| 999 |
_c99232 _d99232 |
||